| 000 | 00646nam a2200217 a 4500 | ||
|---|---|---|---|
| 008 | 951123s1983||||[C 0 slo c | ||
| 020 |
_c24 Kčs. _q(10000 výtl.) |
||
| 040 |
_aSNK _bslo _cSNK _eAACR2 |
||
| 041 | 1 |
_aslo _hswe |
|
| 044 |
_axo _cSK |
||
| 080 | _a839.7-3 | ||
| 100 | 1 |
_aLundkvist, Artur _4aut |
|
| 245 | 1 | 0 |
_aOtroci pre Särkland _cArtur Lundkvist ; Jaroslav Kaňa, Juraj Deák |
| 250 | _a1., vyd. | ||
| 260 |
_aBratislava _bPravda _c1983 _eBratislava _fPravda |
||
| 300 |
_a208 s., 11,00 AH _c21 cm |
||
| 500 | _aIlustr. na front. a predsádkach. | ||
| 700 | 1 |
_aKaňa, Jaroslav _4trl |
|
| 700 | 1 |
_aDeák, Juraj _4bkd |
|
| 958 | _aA | ||
| 999 |
_c11972 _d11972 |
||